Statistiques concernant Révolution française 2)

Cliquez ici pour prendre le quiz!

Statistiques générales

  • Ce quiz a été pris 36 fois
  • Le résultat moyen est 4 sur 15

Statistiques - réponses

HintRéponse% Correct
fête de la Fédération14 juillet 1790
100%
palais des Tuileries envahi 2ème fois10 août 1792
64%
fuite du Roi de Versailles20 juin 1791
45%
victoire française à Valmy20 septembre 1792
45%
fusillade du champs de mars17 juillet 1791
36%
palais des Tuileries envahi 1ère fois20 juin 1792
36%
création de 83 départements26 février 1790
27%
loi martiale par Bailly21 octobre 1789
18%
massacre dans les prisons de Paris2 septembre 1792
18%
manifeste de Brunswick25 juillet 1792
9%
déclaration de Pillnitz27 août 1791
9%
mort du général Dillon29 avril 1792
9%
mort de Mirabeau2 avril 1791
9%
abolition des Parlements
6 septembre 1790
9%
code pénal fondé sur la DDHC25 septembre 1791
0%

Distribution des résultats

Percentile par nombre de réponses

% des personnes avec chaque résultat

Votre développement - résultats

Vous n’avez pas pris ce quiz